Turkic manuscripts and old-printed books of the Lazarev institute of oriental languages exploring the history of oriental studies in Russia /
Elmentve itt :
| Szerző: | |
|---|---|
| Testületi szerző: | |
| Dokumentumtípus: | Könyv része |
| Megjelent: |
2018
|
| Sorozat: | Studia uralo-altaica
Ideas behind symbols - languages behind scripts : proceedings of the 60th Meeting of the Permanent International Altaistic Conference (PIAC), August 27- September 1, 2017 Székesfehérvár, Hungary |
| Kulcsszavak: | Turkológia, Keletkutatás |
| Tárgyszavak: | |
| Online Access: | http://acta.bibl.u-szeged.hu/62241 |
| LEADER | 01139naa a2200241 i 4500 | ||
|---|---|---|---|
| 001 | acta62241 | ||
| 005 | 20220118131438.0 | ||
| 008 | 191119s2018 hu o 0|| eng d | ||
| 020 | |a 978-963-306-664-5 | ||
| 022 | |a 0133-4239 | ||
| 040 | |a SZTE Egyetemi Kiadványok Repozitórium |b hun | ||
| 041 | |a eng | ||
| 100 | 1 | |a Anikeeva Tatiana A. | |
| 245 | 1 | 0 | |a Turkic manuscripts and old-printed books of the Lazarev institute of oriental languages |h [elektronikus dokumentum] : |b exploring the history of oriental studies in Russia / |c Anikeeva Tatiana A. |
| 260 | |c 2018 | ||
| 300 | |a 9-14 | ||
| 490 | 0 | |a Studia uralo-altaica | |
| 490 | 0 | |a Ideas behind symbols - languages behind scripts : proceedings of the 60th Meeting of the Permanent International Altaistic Conference (PIAC), August 27- September 1, 2017 Székesfehérvár, Hungary | |
| 650 | 4 | |a Bölcsészettudományok | |
| 650 | 4 | |a Nyelvek és irodalom | |
| 695 | |a Turkológia, Keletkutatás | ||
| 710 | |a Meeting of the Permanent International Altaistic Conference (60.) (2018) (Székesfehérvár) | ||
| 856 | 4 | 0 | |u http://acta.bibl.u-szeged.hu/62241/1/altaica_052_009-014.pdf |z Dokumentum-elérés |